Every City that has Special Icons for Landmarks on Google Maps - Statistics

General Stats
  • This quiz has been taken 53 times
  • The average score is 78 of 103
Answer Stats
Country Answer % Correct
USA New York City
96%
USA Los Angeles
93%
France Paris
93%
USA Chicago
91%
UK London
91%
Italy Rome
91%
Germany Berlin
89%
Belgium Brussels
89%
Mexico Mexico City
89%
Canada Toronto
89%
Netherlands Amsterdam
87%
USA Boston
87%
Argentina Buenos Aires
87%
Egypt Cairo
87%
South Africa Cape Town
87%
Portugal Lisbon
87%
Spain Madrid
87%
Brazil Rio de Janeiro
87%
USA San Francisco
87%
Japan Tokyo
87%
Egypt Alexandria
85%
Spain Barcelona
85%
Hungary Budapest
85%
Peru Lima
85%
Italy Milan
85%
Canada Montreal
85%
Germany Munich
85%
Norway Oslo
85%
Portugal Porto
85%
Czechia Prague
85%
Chile Santiago
85%
Vatican City Vatican City
85%
Austria Vienna
85%
USA Washington DC
85%
Greece Athens
83%
China Beijing
83%
Colombia Bogota
83%
Brazil Brasilia
83%
Romania Bucharest
83%
Morocco Casablanca
83%
Denmark Copenhagen
83%
India Delhi
83%
UAE Dubai
83%
Turkey Istanbul
83%
South Africa Johannesburg
83%
Ukraine Kyiv
83%
USA Miami
83%
Russia Moscow
83%
Saudi Arabia Riyadh
83%
Russia Saint Petersburg
83%
Brazil Sao Paulo
83%
South Korea Seoul
83%
Sweden Stockholm
83%
Thailand Bangkok
80%
Vietnam Hanoi
80%
Vietnam Ho Chi Minh City
80%
Nigeria Lagos
80%
India Mumbai
80%
Kenya Nairobi
80%
Japan Osaka
80%
USA Philadelphia
80%
USA Seattle
80%
Australia Sydney
80%
Taiwan Taipei
80%
Iran Tehran
80%
Canada Vancouver
80%
Italy Venice
80%
Poland Warsaw
80%
Azerbaijan Baku
78%
UK Edinburgh
78%
China Shanghai
78%
Switzerland Zurich
78%
Italy Florence
76%
USA Houston
76%
Indonesia Jakarta
76%
Philippines Manila
76%
Singapore Singapore
76%
Germany Cologne
74%
Australia Melbourne
74%
Germany Frankfurt
72%
China Hong Kong
72%
India Kolkata
72%
Mexico Guadalajara
70%
Pakistan Karachi
70%
Malaysia Kuala Lumpur
70%
Morocco Marrakesh
70%
Saudi Arabia Jeddah
67%
Japan Kyoto
67%
India Chennai
65%
France Nice
65%
India Bengaluru
59%
Japan Nagoya
57%
Peru Cusco
54%
Croatia Dubrovnik
52%
India Hyderabad
52%
Belgium Bruges
43%
Brazil Fortaleza
41%
Indonesia Bandung
37%
Thailand Chiang Mai
24%
Cambodia Siem Reap
24%
Taiwan Kaohsiung
22%
Taiwan Taichung
20%
Taiwan Tainan
11%
No matching quizzes found
Score Distribution
Percent of People with Each Score
Percentile by Number Answered
Your Score History
You have not taken this quiz